ბათუმის შოთა რუსთაველის სახელმწიფო უნივერსიტეტის ბიბლიოთეკა

გასტროეზოფაგური შესართავის არასიმსივნური პათოლოგიების ლაპარასკოპიული და ღია ქირურგიული მეთოდებით მკურნალობის ოპტიმიზება= Optimizing the treatment gastroesophageal junction of bening pathologies by laparoscopic and open surgical methods. (ბიბ.ჩანაწერი № 51752)

000 -ლიდერი
ფიქსირებული სიგრძის საკონტროლო ველი 02006nam a2200253Ia 4500
001 - საკონტროლო ნომერი
საკონტროლო ველი 18744
003 - საკონტროლო ნომრის იდენტიფიკატორი
საკონტროლო ველი GE_BSU
005 - ბოლო ოპერაციის თარიღი და დრო
საკონტროლო ველი 20210412173500.0
008 - ფიქსირებული სიგრძის მონაცემთა ელემენტები - ზოგადი ინფორმაცია
ფიქსირებული სიგრძის საკონტროლო ველი 181216s2015||||ge |||||||||||||| ||geo||
040 ## - კატალოგიზაციის წყარო
Transcribing agency GE_BSU
041 ## - ენის კოდი
Language code of text/sound track or separate title geo
080 ## - უნივერსალური ათობითი კლასიფიკაციის ინდექსი
Universal Decimal Classification number 61 ე-53
100 ## - მთავარი ჩანაწერი - პიროვნების სახელი
Personal name ელგანდაშვილი, დავით
9 (RLIN) 11250
245 ## - ცნობა სათაურის შესახებ
Title გასტროეზოფაგური შესართავის არასიმსივნური პათოლოგიების ლაპარასკოპიული და ღია ქირურგიული მეთოდებით მკურნალობის ოპტიმიზება= Optimizing the treatment gastroesophageal junction of bening pathologies by laparoscopic and open surgical methods.
Statement of responsibility, etc დავით ელგანდაშვილი ; თბილისის სახელმწ. სამედიცინო უნ-ტი ; [სამეცნ. ხელმძღვ.: მერაბ მ. კილაძე, მერაბ ა. კილაძე].
264 ## - წარმოების, გამოცემის, დისტრიბუციის და სხვა ცნობები
გამოცემის, წარმოების, დისტრიბუციის... ადგილი თბილისი,
გამოცემის, წარმოების, დისტრიბუციის... თარიღი 2015.
300 ## - ფიზიკური აღწერა
Extent 208 გვ.
Other physical details 30 სმ.
653 ## - INDEX TERM--UNCONTROLLED
Uncontrolled term გასტროეზოფაგური შესართავის არასიმსივნური პათოლოგიების ლაპარასკოპიული და ღია ქირურგიული მეთოდებით მკურნალობის ოპტიმიზება
653 ## - INDEX TERM--UNCONTROLLED
Uncontrolled term დისერტაცია
653 ## - INDEX TERM--UNCONTROLLED
Uncontrolled term მედიცინა
700 ## - ADDED ENTRY--PERSONAL NAME
Personal name კილაძე, მ
Relator term სამეცნიერო ხელმძღვანელი
9 (RLIN) 11251
700 ## - ADDED ENTRY--PERSONAL NAME
Personal name კილაძე, ა
Relator term სამეცნიერო ხელმძღვანელი
9 (RLIN) 11252
710 ## - ADDED ENTRY--CORPORATE NAME
Corporate name or jurisdiction name as entry element თბილისის სახელმწიფო სამედიცინო უნივერსიტეტი.
9 (RLIN) 11253
942 ## - ADDED ENTRY ELEMENTS (KOHA)
Koha item type წიგნი
Source of classification or shelving scheme
ეგზემპლარები
ჩამოწერის სტატუსი დაკარგული ეგზემპლარის სტატუსი კლასიფიკაციის წყარო ან თაროზე გაწყობის სქემა დაზიანების სტატუსი არ გაიცემა მუდმივი მდებარეობა (დაცვის ადგილი) ამჟამინდელი ადგილსამყოფელი თაროზე განთავსების ადგილი შეძენის თარიღი სრული შენახვის შიფრი შტრიხკოდი ბოლო ოპერაციის თარიღი ეგზემპლარის მიმდევრობითი ნომერი (კეტერი?) ფასის ძალაში შესვლის თარიღი ეგზემპლარის სახეობა
          ბათუმის შოთა რუსთაველის სახელმწიფო უნივერსიტეტის მთავარი ბიბლიოთეკა ბათუმის შოთა რუსთაველის სახელმწიფო უნივერსიტეტის მთავარი ბიბლიოთეკა წიგნსაცავი 2018-12-17 61 ე-53 221 დისერტ. 2018-12-17 221 2018-12-17 დისერტაცია